Rzeki Europy - Statystyki

Ogólne statystyki
  • Ten quiz został rozwiązany 35 748 razy
  • Średni wynik to 9 z 23
Odpowiedzi na mapie
Odpowiedzi zakodowano w zielono-czerwonej skali na mapie do tego quizu, zgodnie z poniższymi procentami.
 
Statystyki odpowiedzi
Odpowiedź % Poprawnych
Wisła
99%
Dunaj
85%
Wołga
74%
Tamiza
69%
Sekwana
65%
Dniepr
63%
Ren
61%
Loara
47%
Dniestr
42%
Łaba
40%
Tyber
32%
Tag
31%
Don
29%
Pad
27%
Ebro
25%
Rodan
19%
Men
18%
Douro
13%
Garonna
9%
Severn
8%
Glomma
7%
Inn
7%
Mozela
5%
Nie znaleziono quizów pasujących do podanych kryteriów
Rozkład punktacji
Procent ludzi z każdym wynikiem
Percentyl według liczby udzielonych odpowiedzi
Twoja historia wyników
Nie rozwiązałeś tego quizu